| 000 | 00438nam a2200181Ia 4500 | ||
|---|---|---|---|
| 001 | 2462 | ||
| 005 | 20260306144809.0 | ||
| 008 | 260306t2012||||xx |||||||||||||| ||spa|| | ||
| 041 | _aESP | ||
| 082 |
_a616.89 _bV23 T. 1 |
||
| 100 |
_aVallejo Ruiloba, Julio _eAUT |
||
| 245 | 0 | _aTratado de psiquiatría V. 1 | |
| 260 | _c2012 | ||
| 300 |
_axxvi, 1747 páginas : _c29 cm. |
||
| 650 | _aGEN | ||
| 654 | _aCPS | ||
| 942 |
_cLIB _dJUS _fJUS _2ddc _n |
||
| 999 |
_c2462 _d2462 |
||